| 000 | 00368cam a22001217a 4500 | ||
|---|---|---|---|
| 008 | 180718b1952 xxu||||| |||| 00| 0 eng d | ||
| 082 | _aG2x73 Gl6 | ||
| 100 | _aGalloway, George B. | ||
| 245 |
_aNext steps in congressional reform _cby George B. Galloway |
||
| 260 |
_aUrbana _bInstitute of Government and Public Affairs _c1952 |
||
| 300 | _a32p. | ||
| 650 | _aUSA-Congress | ||
| 999 |
_c479790 _d479790 |
||